Bojnický hrad s vchodom
Zobrazenie: pohľad na zámok
| Format: | Postcard |
|---|---|
| Language: | Slovak German Hungarian French English |
| PhysicalDescription: | 1 pohľadnica čiernobiela 9 x 14 cm |
| Published: |
V Prievidzi
Jozef Uhliar
[1928?]
|
| Subjects: |
MARC
| LEADER | 00000nkm a2200000 a 4500 | ||
|---|---|---|---|
| 001 | vtls010968350 | ||
| 003 | SK-MaSNL | ||
| 005 | 20260512124534.0 | ||
| 007 | kp bo | ||
| 008 | 231206q1928 xo g 00 kuslo | ||
| 015 | |a SNBG | ||
| 040 | |a SNK |b slo |c SNK |e AACR2 | ||
| 041 | 0 | |a slo |a ger |a hun |a fre |a eng | |
| 043 | |a e-xo--- | ||
| 044 | |a xo |c SK | ||
| 080 | |a 728.82 |2 2001 | ||
| 080 | |a 913(437.6) |2 2001 | ||
| 080 | |a (084.121) |2 2001 | ||
| 245 | 0 | 0 | |a Bojnický hrad s vchodom |h grafika |
| 246 | 1 | 1 | |a Schloss Bojnice mit Einfahrt |
| 246 | 1 | 1 | |a Bojnice fürdő. Bejárata |
| 246 | 1 | 3 | |a Le château de Bojnice avec l'entrée |
| 246 | 1 | 4 | |a The Castle of Bojnice with the entrance |
| 260 | |a V Prievidzi |b Jozef Uhliar |c [1928?] | ||
| 300 | |a 1 pohľadnica |b čiernobiela |c 9 x 14 cm | ||
| 520 | 8 | |a Zobrazenie: pohľad na zámok | |
| 546 | |a Súbežný názov v nem., maď., franc. a angl. | ||
| 610 | 2 | 7 | |a Bojnický zámok |2 SNKKA |9 32519 |
| 650 | 0 | 7 | |a zámky |2 SNKPH |9 3041 |
| 651 | 7 | |a Bojnice (Slovensko) |2 SNKPH |9 30288 | |
| 655 | 7 | |a miestne pohľadnice |2 SNKPH |9 70510 | |
| 752 | |a Slovensko |d Prievidza | ||
| 958 | |a GC | ||
| 958 | |a GBN | ||
| 999 | |c 929306 |d 931236 | ||
| 952 | |a SNK |b SNK |y PREZ |7 0 |p 17A1165129 |o snkSP 6304 |0 0 |1 0 |4 0 |d 2015-10-23 |l 0 |r 2026-02-24 08:43:55 |w 2026-02-24 | ||


